|
|
|
|
| LEADER |
00000cas a22000004a 4500 |
| 001 |
vtls001416548 |
| 003 |
SK-MaSNL |
| 005 |
20260228160133.0 |
| 008 |
010710d19941994xo u 0 0 0slo |
| 035 |
|
|
|a SNK000371309
|
| 040 |
|
|
|a SNK
|b slo
|c SNK
|e AACR2
|
| 041 |
0 |
|
|a slo
|
| 044 |
|
|
|a xo
|c SK
|
| 080 |
|
|
|a (051)
|2 2011
|
| 245 |
0 |
0 |
|a Infórum ufs
|
| 260 |
|
|
|a Ružomberok
|b Správna rada UFS
|c 1994
|
| 300 |
|
|
|a zv.
|c cm
|
| 655 |
|
7 |
|a časopisy
|2 SNKPH
|9 76610
|
| 910 |
|
|
|a snk
|
| 999 |
|
|
|c 1635
|d 3565
|
| 952 |
|
|
|0 0
|1 0
|4 0
|7 0
|a SNK
|b SNK
|d 2023-11-22
|i snkČSP 1354/2000
|l 0
|o snkČSB 5014/1993 D1
|p 17A1349291
|r 2026-02-21 19:50:41
|t č. 1-20, neúplné
|w 2026-02-21
|y PREZ
|z Chýba č. 15
|
| 952 |
|
|
|0 0
|1 0
|4 0
|7 0
|a SNK
|b SNK
|d 2023-11-23
|i snkČSP 809/2000
|l 0
|o snkČSB 5014/1992 D1
|p 17A1349304
|r 2026-02-21 19:59:14
|t č. 1-20, neúplné
|w 2026-02-21
|y PREZ
|z Chýba č. 1, 2, 4, 5, 18
|
| 952 |
|
|
|0 0
|1 0
|4 0
|7 0
|a SNK
|b SNK
|d 2001-07-10
|l 0
|o snkČSB 5014/1994
|p 17A0304379
|r 2005-01-02 00:00:00
|t č. 1-13
|w 2026-02-21
|y PREZ
|